Miglior portiere del decennio 2011-2020 - Statistics

Statistiche generali
  • Questo quiz è stato fatto 112 volte
  • Il punteggio medio è 8 su 10
Statistiche sulle risposte
Voti Nazione Portiere % Corretto
148 Italia Gianluigi Buffon
100%
183 Germania Manuel Neuer
98%
93 Costa Rica Keylor Navas
89%
130 Belgio Thibaut Courtois
89%
96 Francia Hugo Lloris
85%
67 Spagna Iker Casillas
85%
80 Repubblica Ceca Petr Čech
84%
85 Slovenia Jan Oblak
79%
78 Germania Marc-André ter Stegen
78%
75 Spagna David de Gea
52%
Nessun quiz corrispondente trovato
Distribuzione punteggi
Percentuale di utenti per punteggio
Percentile per numero di risposta
I tuoi punteggi nel tempo
Non hai fatto questo quiz